000 00397nam a2200157Ia 4500
008 240729s9999 xx 000 0 und d
022 _a1367-2630
245 0 _aNew Journal of Physics
260 _aUnited Kingdom
260 _bIOP Publishing
650 _a Physics
650 _aScience
856 _uhttps://doaj.org/toc/c63ca2415e0945fa9bdafe2d82b4ef84
942 _2ddc
942 _cDOAJEJ
999 _c73648
_d73648
945 _a1
_bMadushi Gamage
_c1
_dMadushi Gamage